Most Popular Elements of The Periodic table - Statistics

General Stats
  • This quiz has been taken 52 times
  • The average score is 13 of 17
Answer Stats
Number Element % Correct
1 Hydrogen
100%
2 Helium
98%
8 Oxygen
98%
79 Gold
93%
7 Nitrogen
89%
47 Silver
89%
26 Iron
86%
29 Copper
82%
92 Uranium
77%
50 Tin
73%
82 Lead
70%
11 Sodium
68%
80 Mercury
66%
20 Calcium
64%
28 Nickel
64%
13 Aluminum
61%
88 Radium
52%
No matching quizzes found
Score Distribution
Percent of People with Each Score
Percentile by Number Answered
Your Score History
You have not taken this quiz